Welcome to the Holygrace Academy Library

Please use search bar below to get started

THE WAKEY WAKEY MACHINE (Record no. 8745)

MARC details
000 -LEADER
fixed length control field 00348nam a22001457a 4500
020 ## - INTERNATIONAL STANDARD BOOK NUMBER
ISBN 0-7214-2395-7
082 ## - DEWEY DECIMAL CLASSIFICATION NUMBER
Classification number 823
Item number MAC/W
100 ## - MAIN ENTRY--AUTHOR NAME
Personal name MACDONALD, ALAN
245 ## - TITLE STATEMENT
Title THE WAKEY WAKEY MACHINE
246 ## - VARYING FORM OF TITLE
Title proper/short title THE WAKEY WAKEY MACHINE
Remainder of title THE WAKEY WAKEY MACHINE
260 ## - PUBLICATION, DISTRIBUTION, ETC. (IMPRINT)
Place of publication LONDON
Name of publisher LADYBIRD
300 ## - PHYSICAL DESCRIPTION
Number of Pages 35
650 ## - SUBJECT ADDED ENTRY--TOPICAL TERM
Topical Term ENGLISH STORY
942 ## - ADDED ENTRY ELEMENTS (KOHA)
Koha item type Books
Holdings
Withdrawn status Lost status Collection code Home library Current library Shelving location Date acquired Source of acquisition Full call number Accession Number Koha item type
    Fiction Main Library Main Library SHELF 3- C- LADY BIRD STORY BOOKS 14/03/2014 PURCHASED 823 MAC/W 06646 Books